000 00496nam a2200157Ia 4500
008 160316s1999 xxu||||| |||| 00| 0 eng d
082 _a344.046000
_bSTE
100 _a
245 _aAn emperical study on implementation of existing environmental laws in industrial hazardous wastes management in Karnataka Bangalore as a case study
250 _a
260 _aBangalore
_bSTEM
_c1999
300 _a32
_b
_c
365 _b
650 _a1. Hazardous waste management - industry
700 _a
_a
999 _c37033
_d37033